[Event "XXXI Festival A"]
[Site "Arco ITA"]
[Date "2009.10.19"]
[Round "3"]
[White "Parrini, Daniele"]
[Black "Salati, Paolo"]
[Result "0-1"]
[WhiteElo "2022"]
[BlackElo "1866"]
[PlyCount "82"]
[EventDate "2009.10.17"]

1. e4 Nf6 2. e5 Nd5 3. d4 d6 4. Nf3 Bg4 5. Be2 Nc6 6. e6 fxe6 7. Ng5 Bxe2 8.
Qxe2 Nxd4 9. Qe4 c5 10. c3 Nf6 11. Qd3 Nc6 12. Nxe6 Qd7 13. Qf5 Nd8 14. Nc7+
Qxc7 15. O-O Qd7 16. Qd3 Nc6 17. Bf4 O-O-O 18. b4 e5 19. Be3 e4 20. Qc2 b6 21.
a4 c4 22. Nd2 d5 23. b5 Na5 24. f3 Bd6 25. fxe4 Bxh2+ 26. Kh1 Be5 27. exd5 Qg4
28. Nf3 Qh5+ 29. Kg1 Rxd5 30. Rfd1 Rhd8 31. Rxd5 Rxd5 32. Re1 Bg3 33. Rd1 Rxd1+
34. Qxd1 Qd5 35. Nd4 Qh5 36. Nf3 Qd5 37. Nd4 Qe4 38. Bf2 Bxf2+ 39. Kxf2 Ng4+
40. Kg3 Ne3 41. Qh5 Qg6+ 0-1

[Event "XXXI Festival A"]
[Site "Arco ITA"]
[Date "2009.10.19"]
[Round "3"]
[White "Pienabarca, Nicola"]
[Black "Franco Ocampos, Zenon"]
[Result "0-1"]
[WhiteElo "2067"]
[BlackElo "2505"]
[PlyCount "78"]
[EventDate "2009.10.17"]

1. d4 Nf6 2. Nf3 c5 3. d5 g6 4. Nc3 d6 5. e4 Bg7 6. Bb5+ Bd7 7. a4 O-O 8. O-O
Na6 9. Re1 Nc7 10. Bf1 Bg4 11. h3 Bxf3 12. Qxf3 a6 13. Bf4 Nd7 14. Ra3 Rb8 15.
a5 b5 16. axb6 Rxb6 17. Nd1 Nb5 18. Bxb5 axb5 19. Ra7 Rb8 20. Qa3 Ra8 21. Bg5
f6 22. Bc1 Qb8 23. Rxa8 Qxa8 24. Qxa8 Rxa8 25. Nc3 b4 26. Nb5 Nb6 27. Nc7 Ra2
28. Ne6 Na4 29. f4 h5 30. Kh2 Bh6 31. h4 Ra1 32. Bd2 Rxe1 33. Bxe1 Nxb2 34. e5
Nc4 35. exd6 exd6 36. Bf2 Na3 37. g3 Bf8 38. f5 Nxc2 39. fxg6 b3 0-1

[Event "XXXI Festival A"]
[Site "Arco ITA"]
[Date "2009.10.19"]
[Round "3"]
[White "Pistone, Salvatore"]
[Black "Pisani, Valerio"]
[Result "1/2-1/2"]
[WhiteElo "1864"]
[BlackElo "1789"]
[PlyCount "78"]
[EventDate "2009.10.17"]

1. c4 Nf6 2. g3 e5 3. Nc3 Nc6 4. Bg2 d6 5. Nf3 Be7 6. O-O Be6 7. d3 h6 8. Nd2
Qd7 9. Nd5 a5 10. b3 Bxd5 11. cxd5 Nb4 12. Ne4 Nfxd5 13. Bb2 O-O 14. Qd2 f5 15.
Nc3 Nxc3 16. Bxc3 Qb5 17. Rac1 c5 18. Bxb4 axb4 19. Bd5+ Kh7 20. Rc2 Ra3 21. e3
Bf6 22. Rd1 Qb6 23. f4 Rfa8 24. fxe5 dxe5 25. Qf2 g6 26. Rdd2 R3a7 27. e4 Qd6
28. Rxc5 Qb6 29. Rdc2 Qd8 30. Rc7+ Bg7 31. Qb6 f4 32. Qe6 fxg3 33. Rxg7+ Kxg7
34. Qf7+ Kh8 35. Rc7 gxh2+ 36. Kh1 Qxc7 37. Qxc7 Rxa2 38. Qxe5+ Kh7 39. Qe7+
Kh8 1/2-1/2

[Event "XXXI Festival A"]
[Site "Arco ITA"]
[Date "2009.10.19"]
[Round "3"]
[White "Ricci, Alfredo"]
[Black "Del Nevo, Claudio"]
[Result "1-0"]
[WhiteElo "1993"]
[BlackElo "1858"]
[PlyCount "83"]
[EventDate "2009.10.17"]

1. e4 d6 2. d4 Nf6 3. Nc3 g6 4. f4 Bg7 5. e5 dxe5 6. fxe5 Nd5 7. Bc4 Nxc3 8.
bxc3 O-O 9. Nf3 c6 10. O-O b5 11. Bb3 Be6 12. Bxe6 fxe6 13. Ng5 Na6 14. Rxf8+
Qxf8 15. Nxe6 Qf5 16. Ng5 Rf8 17. Nf3 Nc7 18. a4 Nd5 19. axb5 Nxc3 20. Qd2 Nxb5
21. c4 Nc7 22. Rxa7 Ne6 23. Rxe7 c5 24. Rxe6 Qxe6 25. d5 Qf5 26. e6 Bd4+ 27.
Kh1 Qe4 28. Qd1 Kg7 29. Ng5 Qg4 30. Nf3 Qe4 31. h3 h6 32. Nxd4 cxd4 33. Bb2 Rf4
34. d6 Qxe6 35. Bxd4+ Kf7 36. Bg1 Ke8 37. Qa4+ Qd7 38. Qa8+ Qd8 39. Qd5 Rf6 40.
c5 Rf7 41. c6 Kf8 42. d7 1-0

[Event "XXXI Festival A"]
[Site "Arco ITA"]
[Date "2009.10.19"]
[Round "3"]
[White "Riepma, Henk"]
[Black "Grom, Waldemar"]
[Result "1-0"]
[WhiteElo "2117"]
[BlackElo "1957"]
[PlyCount "124"]
[EventDate "2009.10.17"]

1. f4 e6 2. Nf3 d5 3. e3 Nf6 4. d4 Bd6 5. Bd3 Nbd7 6. O-O c5 7. c3 a6 8. Qe2
O-O 9. Nbd2 b5 10. Ne5 Bb7 11. Ndf3 Ne4 12. Nxd7 Qxd7 13. Bd2 Qe7 14. a3 Rac8
15. Rac1 f6 16. Be1 cxd4 17. Nxd4 Bc5 18. Qg4 f5 19. Qh3 Rf7 20. Rc2 Rcf8 21.
g4 g6 22. Rg2 Bc8 23. Bh4 Qd6 24. Bxe4 dxe4 25. gxf5 exf5 26. Rd2 Qc7 27. Rfd1
Qb7 28. Bg5 Re8 29. Qh4 Bb6 30. Kf2 Rff8 31. Bf6 Qf7 32. Bg5 Qb7 33. Qh6 Qg7
34. h4 Qxh6 35. Bxh6 Rf6 36. Nc2 Rfe6 37. Nb4 Bc5 38. Nd5 Rc6 39. Bg5 Kf7 40.
Nb4 Rce6 41. Rd5 Bf8 42. Bd8 Be7 43. Bxe7 Kxe7 44. Rc5 Kf8 45. Nc6 Kg7 46. Ne5
R6e7 47. Rd6 Kh6 48. Rcd5 Bb7 49. Rd4 Rg7 50. h5 Rxe5 51. fxe5 Kxh5 52. Rd7
Rxd7 53. Rxd7 Bc8 54. Rxh7+ Kg4 55. Rc7 Be6 56. Rc6 Bf7 57. e6 Bg8 58. e7 Bf7
59. Rf6 Be8 60. Rf8 Bd7 61. e8=Q Bxe8 62. Rxe8 g5 1-0

[Event "XXXI Festival A"]
[Site "Arco ITA"]
[Date "2009.10.19"]
[Round "3"]
[White "Roversi, Stefano"]
[Black "Battiston, Claudio"]
[Result "0-1"]
[WhiteElo "1824"]
[BlackElo "1983"]
[PlyCount "60"]
[EventDate "2009.10.17"]

1. Nf3 Nf6 2. c4 g6 3. Nc3 Bg7 4. g3 d6 5. Bg2 O-O 6. O-O Nbd7 7. d3 e5 8. Ng5
a5 9. Bd2 h6 10. Nge4 Ne8 11. Qc1 f5 12. Bxh6 fxe4 13. Bxe4 Kh7 14. Bg5 Bf6 15.
h4 Bxg5 16. hxg5 Nc5 17. Kg2 Nxe4 18. Rh1+ Kg7 19. Nxe4 Bf5 20. Nf6 Nxf6 21.
gxf6+ Qxf6 22. Qh6+ Kf7 23. Qh7+ Qg7 24. e4 Be6 25. f4 Rh8 26. Qxg7+ Kxg7 27.
Rhe1 Rh5 28. d4 Rah8 29. Kf3 exd4 30. f5 gxf5 0-1

[Event "XXXI Festival A"]
[Site "Arco ITA"]
[Date "2009.10.19"]
[Round "3"]
[White "Rozentalis, Eduardas"]
[Black "Ager, Josef"]
[Result "1-0"]
[WhiteElo "2603"]
[BlackElo "2226"]
[PlyCount "49"]
[EventDate "2009.10.17"]

1. e4 e5 2. Nf3 Nc6 3. Bb5 a6 4. Bxc6 dxc6 5. Nc3 f6 6. d4 exd4 7. Nxd4 c5 8.
Nde2 Qxd1+ 9. Nxd1 Bd6 10. Bf4 Bd7 11. Bxd6 cxd6 12. Ne3 Bc6 13. O-O-O O-O-O
14. Nf5 Nh6 15. Nxh6 gxh6 16. f3 d5 17. exd5 Bxd5 18. Ng3 Kc7 19. Rhe1 Rd7 20.
Nh5 Rf8 21. b3 Bg8 22. Re4 Rxd1+ 23. Kxd1 Bf7 24. Nxf6 Bg6 25. Re6 1-0

[Event "XXXI Festival A"]
[Site "Arco ITA"]
[Date "2009.10.19"]
[Round "3"]
[White "Russo, Carmelo"]
[Black "Kummer, Heinz"]
[Result "1/2-1/2"]
[WhiteElo "1733"]
[BlackElo "1863"]
[PlyCount "60"]
[EventDate "2009.10.17"]

1. d4 g6 2. e4 Bg7 3. Nf3 c6 4. h3 d5 5. e5 e6 6. Bd2 Nd7 7. Bd3 Ne7 8. O-O O-O
9. Qc1 c5 10. c3 b6 11. Bh6 Bb7 12. Bxg7 Kxg7 13. Ng5 h6 14. Nf3 Rc8 15. Qd1
Nc6 16. Na3 a6 17. Nc2 Qe7 18. a3 Na5 19. Ne3 cxd4 20. cxd4 Nc4 21. Qe2 b5 22.
a4 b4 23. Rac1 Nxe3 24. fxe3 Nb8 25. Nd2 f5 26. exf6+ Rxf6 27. Nb3 e5 28. Rxf6
Rxc1+ 29. Nxc1 Qxf6 30. Nb3 Bc8 1/2-1/2

[Event "XXXI Festival A"]
[Site "Arco ITA"]
[Date "2009.10.19"]
[Round "3"]
[White "Schrott, Ernst"]
[Black "Rigo, Marco"]
[Result "1-0"]
[WhiteElo "2059"]
[BlackElo "1908"]
[PlyCount "33"]
[EventDate "2009.10.17"]

1. e4 e6 2. c4 d6 3. Nf3 Nd7 4. Nc3 g6 5. d4 Ne7 6. Bg5 h6 7. Be3 b6 8. Bd3 Bg7
9. Qd2 Bb7 10. O-O a6 11. Rab1 c5 12. b4 Qc7 13. bxc5 bxc5 14. Na4 cxd4 15.
Bxd4 O-O 16. Bxg7 Kxg7 17. Qb2+ 1-0

[Event "XXXI Festival A"]
[Site "Arco ITA"]
[Date "2009.10.19"]
[Round "3"]
[White "Stolfa, Rodolfo"]
[Black "Savarese, Vincenzo"]
[Result "1/2-1/2"]
[WhiteElo "1886"]
[BlackElo "1810"]
[PlyCount "110"]
[EventDate "2009.10.17"]

1. d4 d5 2. c4 dxc4 3. Nc3 a6 4. e4 c5 5. Nf3 Nc6 6. d5 Na5 7. Bxc4 Nxc4 8.
Qa4+ b5 9. Nxb5 Bd7 10. Qxc4 Bxb5 11. Qxc5 e6 12. Qd4 exd5 13. a4 Bc4 14. b3
Bxb3 15. O-O dxe4 16. Qxe4+ Be6 17. Re1 Rc8 18. Bb2 Nf6 19. Qe2 Be7 20. Qxa6
O-O 21. Rad1 Qc7 22. Be5 Qc2 23. Nd4 Bc4 24. Qxc8 Rxc8 25. Nxc2 Bb3 26. Ne3
Bxd1 27. Rxd1 Ne4 28. Rb1 Nd2 29. Rb8 Rxb8 30. Bxb8 Bd8 31. Nd5 Nc4 32. Bc7
Bxc7 33. Nxc7 Kf8 34. Kf1 Ke7 35. Ke2 Kd7 36. Nb5 Nb2 37. Nc3 Kc6 38. Ke3 Kc5
39. Ke4 Kb4 40. Nb5 Nxa4 41. Nd6 Nc5+ 42. Ke3 f6 43. Ne8 Ne6 44. Ke4 Kc5 45. f4
Kc6 46. f5 Kd7 47. fxe6+ Kxe8 48. Kd4 Ke7 49. Kd5 h6 50. g3 g6 51. g4 h5 52.
gxh5 gxh5 53. h4 f5 54. Ke5 f4 55. Kxf4 Kxe6 1/2-1/2

[Event "XXXI Festival A"]
[Site "Arco ITA"]
[Date "2009.10.19"]
[Round "3"]
[White "Traversi, Carlo"]
[Black "Schaberg, Wolfgang"]
[Result "0-1"]
[WhiteElo "1725"]
[BlackElo "1943"]
[PlyCount "46"]
[EventDate "2009.10.17"]

1. e4 c5 2. g3 b6 3. Bg2 Bb7 4. d3 g6 5. Ne2 Bg7 6. c3 d5 7. O-O e6 8. Nd2 Ne7
9. Nb3 O-O 10. Be3 Nd7 11. Qd2 Re8 12. f4 Nf6 13. exd5 Bxd5 14. Rad1 Nf5 15. h3
Bxg2 16. Kxg2 Qd5+ 17. Kh2 Rad8 18. Bf2 h5 19. d4 Ne4 20. Qc1 Nxf2 21. Rxf2 a5
22. Rff1 Qe4 23. Rd2 a4 0-1

[Event "XXXI Festival A"]
[Site "Arco ITA"]
[Date "2009.10.19"]
[Round "3"]
[White "Vuelban, Virgilio"]
[Black "Astengo, Marcello"]
[Result "1/2-1/2"]
[WhiteElo "2405"]
[BlackElo "2134"]
[PlyCount "139"]
[EventDate "2009.10.17"]

1. e4 e6 2. d4 d5 3. Nc3 Nf6 4. Bg5 Bb4 5. e5 h6 6. Bd2 Bxc3 7. bxc3 Ne4 8. Qg4
Kf8 9. Bd3 Nxd2 10. Kxd2 c5 11. Nf3 Nc6 12. h4 Qa5 13. Qf4 Bd7 14. Rhb1 b6 15.
a4 cxd4 16. Nxd4 Nxd4 17. Qxd4 Rc8 18. Bb5 Ke7 19. h5 Rc5 20. Qh4+ Ke8 21. Qb4
Qxb4 22. cxb4 Rc7 23. Bd3 Ke7 24. Ke3 f6 25. f4 Rf8 26. Kd4 f5 27. Rg1 Be8 28.
g4 fxg4 29. Rxg4 Kd8 30. Rh4 Rcf7 31. f5 exf5 32. e6 Rf6 33. Kxd5 Ke7 34. Re1
Bxa4 35. b5 Rd8+ 36. Kc4 Rxe6 37. Rxe6+ Kxe6 38. Kb4 Rxd3 39. cxd3 Bd1 40. Kc4
Bg4 41. Kd4 Kf6 42. Rh2 f4 43. Ra2 Bd7 44. Rxa7 Bxb5 45. Rb7 Be8 46. Rxb6+ Kf5
47. Rb7 Kf6 48. Rb3 Bxh5 49. Ke4 Kg5 50. d4 Kg4 51. d5 Bg6+ 52. Ke5 f3 53. d6
f2 54. Rb4+ Kg3 55. Rf4 Be8 56. Ke4 Kg2 57. Rg4+ Kh3 58. Rf4 Kg2 59. Rg4+ Kf1
60. Ke3 Ke1 61. Rc4 f1=N+ 62. Kf4 g5+ 63. Ke5 Ne3 64. Re4 Kf2 65. Rb4 h5 66.
Rb2+ Kf3 67. Rb3 Kf2 68. Rb2+ Kf3 69. Rb3 Kf2 70. Rb2+ 1/2-1/2

[Event "XXXI Festival A"]
[Site "Arco ITA"]
[Date "2009.10.20"]
[Round "4"]
[White "Ager, Josef"]
[Black "Blasco, Domenico"]
[Result "1-0"]
[WhiteElo "2226"]
[BlackElo "1984"]
[PlyCount "87"]
[EventDate "2009.10.17"]

1. c4 g6 2. Nc3 Bg7 3. d4 c5 4. d5 Bxc3+ 5. bxc3 Qa5 6. Qc2 f5 7. Bd2 Nf6 8. f3
d6 9. e4 e5 10. dxe6 Bxe6 11. exf5 Bxf5 12. Bd3 Bxd3 13. Qxd3 O-O 14. Ne2 Nc6
15. O-O Qc7 16. Nf4 Ne5 17. Qc2 Qf7 18. Nd5 Nxc4 19. Nxf6+ Qxf6 20. Bh6 Rfe8
21. Qb3 Qf7 22. Rfe1 b6 23. Rad1 d5 24. Qb5 Nd6 25. Qc6 Nf5 26. Bg5 d4 27. g4
Ne3 28. Bxe3 dxe3 29. Rd7 Rac8 30. Qb7 Qe6 31. Rg7+ Kf8 32. Rxh7 Qf6 33. Rxe3
Rxe3 34. Qxc8+ Re8 35. Qd7 Rd8 36. Rh8+ Qxh8 37. Qxd8+ Kg7 38. Qxh8+ Kxh8 39.
c4 a6 40. a4 g5 41. Kf2 Kg7 42. f4 gxf4 43. Kf3 Kf6 44. Kxf4 1-0

[Event "XXXI Festival A"]
[Site "Arco ITA"]
[Date "2009.10.20"]
[Round "4"]
[White "Antoniacci, Riccardo"]
[Black "Schrott, Ernst"]
[Result "1-0"]
[WhiteElo "1895"]
[BlackElo "2059"]
[PlyCount "87"]
[EventDate "2009.10.17"]

1. e4 d5 2. exd5 Nf6 3. c4 e6 4. d4 exd5 5. Nc3 Nc6 6. Bg5 Be7 7. Nf3 Be6 8. c5
O-O 9. Bb5 Bg4 10. Bxc6 bxc6 11. Qd3 Ne4 12. Bc1 Bf5 13. Qa6 Bf6 14. O-O Qd7
15. Bf4 Rfe8 16. Qa3 Bg4 17. Ne5 Bxe5 18. Bxe5 f6 19. Bf4 Bf5 20. Nd1 Qf7 21.
Ne3 Bc8 22. Qa5 Rb8 23. b3 Rb7 24. Rad1 g5 25. Bg3 h5 26. Rfe1 h4 27. f3 hxg3
28. fxe4 gxh2+ 29. Kh1 Rxe4 30. Qa6 Qe8 31. Nc2 Rxb3 32. Rxe4 dxe4 33. Qf1 Rb2
34. Qxf6 Kh7 35. Qxg5 Qg6 36. Qh4+ Kg7 37. Rf1 Rxc2 38. Qe7+ Kh6 39. Rf6 Rxg2
40. Rxg6+ Rxg6 41. Qf8+ Kg5 42. Qxc8 Kf4 43. Qxc7+ Kf3 44. Qf7+ 1-0

[Event "XXXI Festival A"]
[Site "Arco ITA"]
[Date "2009.10.20"]
[Round "4"]
[White "Astengo, Marcello"]
[Black "Vezzosi, Paolo"]
[Result "0-1"]
[WhiteElo "2134"]
[BlackElo "2381"]
[PlyCount "78"]
[EventDate "2009.10.17"]

1. d4 Nf6 2. c4 c5 3. d5 g6 4. Nc3 Bg7 5. e4 d6 6. Be2 O-O 7. g4 e6 8. g5 Ne8
9. Be3 exd5 10. exd5 Bf5 11. Nf3 Nd7 12. Nh4 Bxc3+ 13. bxc3 Ng7 14. O-O Bh3 15.
Re1 Nb6 16. Qd3 Qd7 17. Bf4 Bg4 18. a4 Nh5 19. Be3 Bxe2 20. Qxe2 Nxa4 21. Ra3
a6 22. Rb1 Rfe8 23. Ng2 Rab8 24. Qa2 b5 25. cxb5 axb5 26. c4 Ra8 27. Rxb5 Nc3
28. Rxa8 Nxa2 29. Rxa2 Qg4 30. Ra1 Qxc4 31. Rab1 Qxd5 32. Kf1 h6 33. h4 hxg5
34. Bxg5 Qf3 35. R5b3 Ng3+ 36. Kg1 Ne2+ 37. Kf1 Nc3 38. Rc1 Qd3+ 39. Kg1 Ne2+
0-1

[Event "XXXI Festival A"]
[Site "Arco ITA"]
[Date "2009.10.20"]
[Round "4"]
[White "Barlotti, Gabriele"]
[Black "Ferrari, Michele"]
[Result "1-0"]
[WhiteElo "1664"]
[BlackElo "1827"]
[PlyCount "79"]
[EventDate "2009.10.17"]

1. d4 d5 2. c4 e6 3. Nc3 f5 4. cxd5 exd5 5. Nf3 c6 6. Bg5 Nf6 7. e3 Bd6 8. Be2
O-O 9. O-O Qe8 10. Bxf6 Rxf6 11. Rc1 Rh6 12. g3 Nd7 13. Ne1 Nf6 14. f4 Qxe3+
15. Rf2 Bd7 16. Ng2 Qe8 17. Qc2 Ne4 18. Rff1 Be6 19. Ne3 Qg6 20. Nxe4 dxe4 21.
Bc4 Bc7 22. Bxe6+ Qxe6 23. d5 Qd7 24. dxc6 Rxc6 25. Qb3+ Re6 26. Rxc7 Qxc7 27.
Qxe6+ Kh8 28. Qc4 Qb6 29. Qb3 Qc5 30. Rd1 h6 31. Kg2 Qc6 32. Qc2 Qb6 33. Nd5
Qg6 34. Ne3 Qh5 35. Rf1 Rd8 36. a3 Rd3 37. Qc8+ Kh7 38. Qxf5+ Qg6 39. Qxg6+
Kxg6 40. Re1 1-0

[Event "XXXI Festival A"]
[Site "Arco ITA"]
[Date "2009.10.20"]
[Round "4"]
[White "Battiston, Claudio"]
[Black "Bernardi, Ruben"]
[Result "1/2-1/2"]
[WhiteElo "1983"]
[BlackElo "2162"]
[PlyCount "73"]
[EventDate "2009.10.17"]

1. e4 c5 2. Nf3 Nc6 3. Bb5 e6 4. Bxc6 bxc6 5. O-O Ne7 6. b3 Ng6 7. Bb2 d6 8. d4
cxd4 9. Qxd4 e5 10. Qe3 Be7 11. c4 f6 12. Nc3 O-O 13. Rfd1 Qa5 14. Na4 Be6 15.
Rac1 Rad8 16. Bc3 Qa6 17. Bb4 c5 18. Be1 f5 19. Nc3 Nf4 20. exf5 Rxf5 21. Ne4
Rdf8 22. Nfd2 Qc6 23. f3 Qe8 24. Bg3 Qg6 25. Bxf4 Rxf4 26. Kh1 Rh4 27. Nf1 Bf5
28. Nfg3 Bxe4 29. Nxe4 Qh5 30. Qg1 Qh6 31. Rc3 Rf5 32. g3 Rh3 33. Rd2 Rfh5 34.
Rg2 Qg6 35. Nf2 Qf6 36. Nxh3 Rxh3 37. Re3 1/2-1/2

[Event "XXXI Festival A"]
[Site "Arco ITA"]
[Date "2009.10.20"]
[Round "4"]
[White "Borgo, Giulio"]
[Black "Rozentalis, Eduardas"]
[Result "1/2-1/2"]
[WhiteElo "2434"]
[BlackElo "2603"]
[PlyCount "87"]
[EventDate "2009.10.17"]

1. c4 b6 2. d4 e6 3. a3 d5 4. Nc3 Nf6 5. g3 Be7 6. Bg2 O-O 7. Nf3 Bb7 8. Ne5
Nbd7 9. O-O c5 10. cxd5 exd5 11. Bg5 Nxe5 12. dxe5 Ne4 13. Nxe4 dxe4 14. Qxd8
Bxd8 15. Bxd8 Rfxd8 16. Rfd1 Kf8 17. f4 exf3 18. Bxf3 Bxf3 19. exf3 Ke7 20. Kf2
c4 21. Ke2 Rac8 22. Rxd8 Rxd8 23. Rc1 b5 24. a4 a6 25. axb5 axb5 26. b3 cxb3
27. Rb1 Ke6 28. Rxb3 Rb8 29. f4 b4 30. Kd2 Rb5 31. Kc2 h6 32. Rf3 Rd5 33. Kb3
Rd4 34. Rf2 h5 35. Ra2 f6 36. Ra5 h4 37. exf6 gxf6 38. f5+ Kd6 39. Ra6+ Ke5 40.
Ra5+ Ke4 41. gxh4 Rd2 42. Kxb4 Rxh2 43. Kc3 Kf4 44. Kd3 1/2-1/2

[Event "XXXI Festival A"]
[Site "Arco ITA"]
[Date "2009.10.20"]
[Round "4"]
[White "Buglisi, Massimo"]
[Black "Bottesi, Gianluca"]
[Result "1-0"]
[WhiteElo "1931"]
[BlackElo "1559"]
[PlyCount "33"]
[EventDate "2009.10.17"]

1. d4 Nf6 2. c4 e6 3. Nc3 Bb4 4. f3 c5 5. d5 exd5 6. cxd5 d6 7. e4 O-O 8. Bd3
Nbd7 9. Nge2 Ne5 10. Bc2 Qc7 11. O-O a6 12. f4 Ng6 13. e5 dxe5 14. Bxg6 fxg6
15. d6 Qc6 16. fxe5 Bg4 17. Qb3+ 1-0

[Event "XXXI Festival A"]
[Site "Arco ITA"]
[Date "2009.10.20"]
[Round "4"]
[White "Caldara, Sisto"]
[Black "Paggiaro, Luca"]
[Result "1/2-1/2"]
[WhiteElo "1823"]
[BlackElo "2049"]
[PlyCount "130"]
[EventDate "2009.10.17"]

1. d4 Nf6 2. c4 g6 3. Nc3 Bg7 4. e4 d6 5. Be2 O-O 6. Bg5 c6 7. Qd2 Nbd7 8. h4
h5 9. f3 Qa5 10. Nh3 Rb8 11. Rb1 a6 12. Nf2 b5 13. b4 Qc7 14. cxb5 cxb5 15. Rc1
Qa7 16. g4 e5 17. d5 Qd4 18. Nd3 Nb6 19. Nd1 Nc4 20. Rxc4 bxc4 21. N3b2 Qxd2+
22. Bxd2 hxg4 23. Nxc4 Rd8 24. a3 gxf3 25. Bxf3 Bg4 26. Kf2 Rbc8 27. Nde3 Bxf3
28. Kxf3 Rc7 29. Rb1 Bh6 30. a4 Bxe3 31. Nxe3 Rb8 32. Rb2 Kf8 33. Nc2 Rc4 34.
b5 axb5 35. Bb4 Nxe4 36. Ne3 Rd4 37. Nc2 Nd2+ 38. Ke2 Nc4 39. Nxd4 exd4 40. Rb1
Re8+ 41. Kd3 Ne5+ 42. Kxd4 Nf3+ 43. Kd3 bxa4 44. Bxd6+ Kg7 45. Bc7 Re7 46. d6
Rd7 47. Rb4 a3 48. Kc3 f5 49. Kb3 a2 50. Kxa2 Kf6 51. Rb8 Nxh4 52. Bd8+ Rxd8
53. Rxd8 Ke6 54. d7 g5 55. Rg8 Kxd7 56. Rxg5 Ke6 57. Kb3 Ke5 58. Kc3 Ke4 59.
Rg8 Nf3 60. Re8+ Ne5 61. Kd2 Kf4 62. Ke2 Ng4 63. Ra8 Nf6 64. Kf1 Ne4 65. Kg2
Kg4 1/2-1/2

[Event "XXXI Festival A"]
[Site "Arco ITA"]
[Date "2009.10.20"]
[Round "4"]
[White "Cardili, Mariano"]
[Black "Isatto, Davide"]
[Result "1-0"]
[WhiteElo "2106"]
[BlackElo "1942"]
[PlyCount "139"]
[EventDate "2009.10.17"]

1. d4 Nf6 2. c4 g6 3. Nc3 Bg7 4. e4 d6 5. Nf3 O-O 6. Be2 e5 7. O-O Nc6 8. d5
Ne7 9. Ne1 c5 10. Nd3 Ne8 11. Be3 f5 12. f3 f4 13. Bf2 h5 14. b4 b6 15. a4 Bd7
16. a5 Nf6 17. Nb5 Bxb5 18. cxb5 Ne8 19. Qb3 Kh7 20. Nb2 Rb8 21. axb6 axb6 22.
Ra7 Nc8 23. Ra2 Rf7 24. Rfa1 Rfb7 25. Ra8 Qd7 26. Rxb8 Rxb8 27. Nd1 Bf6 28. Nc3
Qb7 29. Bc4 Kh6 30. Bf1 Ra8 31. Rxa8 Qxa8 32. bxc5 dxc5 33. g3 g5 34. h4 Ncd6
35. hxg5+ Bxg5 36. Qa4 Nc7 37. Qxa8 Nxa8 38. Bh3 Kg6 39. Bd7 Kf6 40. Bc6 Nc7
41. Na4 fxg3 42. Bxg3 c4 43. Bf2 Ncxb5 44. Nxb6 c3 45. Nd7+ Kg7 46. Nxe5 c2 47.
Nd3 c1=Q+ 48. Nxc1 Bxc1 49. e5 Bf4 50. exd6 Nxd6 51. Kg2 Kg6 52. Bd7 Nc4 53.
Be6 Bg5 54. Bg3 h4 55. Bc7 Be7 56. Kh3 Nd2 57. d6 Bf6 58. Bg4 Kg5 59. d7 Nc4
60. d8=Q Bxd8 61. Bxd8+ Kf4 62. Bxh4 Nd2 63. Kg2 Nc4 64. Kf2 Nb2 65. Bg3+ Kg5
66. Ke3 Nc4+ 67. Kd3 Nb2+ 68. Kd4 Nd1 69. Be6 Nb2 70. Bb3 1-0

[Event "XXXI Festival A"]
[Site "Arco ITA"]
[Date "2009.10.20"]
[Round "4"]
[White "Clech, Jean-Louis"]
[Black "Modena, Giorgio"]
[Result "1-0"]
[WhiteElo "2052"]
[BlackElo "1892"]
[PlyCount "63"]
[EventDate "2009.10.17"]

1. d4 d5 2. c4 c6 3. Nc3 Nf6 4. e3 e6 5. Nf3 Bd6 6. g4 h6 7. Rg1 dxc4 8. Bxc4
Nd5 9. e4 Nxc3 10. bxc3 Qc7 11. e5 Be7 12. Qe2 Nd7 13. Bd2 Nb6 14. Bd3 c5 15.
g5 c4 16. Bc2 hxg5 17. Nxg5 Bxg5 18. Bxg5 Nd5 19. Qf3 Bd7 20. h4 Bc6 21. Be4
Ne7 22. Bxe7 Bxe4 23. Qxe4 Qxe7 24. Rxg7 O-O-O 25. Qf3 Rd7 26. h5 Qf8 27. Rg3
f6 28. exf6 Rf7 29. Rb1 Qa3 30. Qe2 Rxf6 31. Qxc4+ Kd8 32. Rg7 1-0

[Event "XXXI Festival A"]
[Site "Arco ITA"]
[Date "2009.10.20"]
[Round "4"]
[White "Dalponte, Dino"]
[Black "Bonagura, Stefano"]
[Result "0-1"]
[WhiteElo "2138"]
[BlackElo "2086"]
[PlyCount "76"]
[EventDate "2009.10.17"]

1. d4 d5 2. c3 Nf6 3. Nf3 e6 4. Bg5 c5 5. e3 Nc6 6. Nbd2 Be7 7. Bd3 O-O 8. O-O
b6 9. Qe2 Bb7 10. Bb5 a6 11. Ba4 Qc7 12. Rac1 Ne4 13. Bxe7 Qxe7 14. Nxe4 dxe4
15. Nd2 f5 16. Bb3 Kh8 17. Rfd1 b5 18. Nf1 Rad8 19. Rd2 cxd4 20. cxd4 Nb4 21.
a3 Nd3 22. Rc3 f4 23. exf4 Nxf4 24. Qg4 h5 25. Rh3 Nxh3+ 26. Qxh3 Qg5 27. Bxe6
Rf3 28. g3 Rdf8 29. Re2 g6 30. d5 Bxd5 31. Bxd5 Qxd5 32. Qh4 Qf5 33. Nd2 Rxf2
34. g4 Rf1+ 35. Kg2 Qf4 36. Qg3 Rf3 37. Qxf4 R3xf4 38. gxh5 e3 0-1

[Event "XXXI Festival A"]
[Site "Arco ITA"]
[Date "2009.10.20"]
[Round "4"]
[White "De Andres Gonalons, Fernando"]
[Black "Vuelban, Virgilio"]
[Result "0-1"]
[WhiteElo "2088"]
[BlackElo "2405"]
[PlyCount "88"]
[EventDate "2009.10.17"]

1. d4 Nf6 2. c4 g6 3. g3 Bg7 4. Bg2 d6 5. Nf3 O-O 6. O-O c6 7. Nc3 Qa5 8. h3
Be6 9. d5 cxd5 10. Nd4 Bd7 11. cxd5 Rc8 12. Be3 Be8 13. Qd2 Nbd7 14. Rfc1 Nc5
15. a3 Qd8 16. b4 Ncd7 17. Nd1 Nb6 18. Qa2 Nfd7 19. Nb2 a5 20. Rxc8 Nxc8 21. b5
Nc5 22. a4 Nb6 23. Rb1 Rc8 24. Nb3 Nxb3 25. Qxb3 Rc3 26. Qd1 Bd7 27. Bd4 Bxd4
28. Qxd4 Rb3 29. Qd1 Rb4 30. e4 f5 31. e5 dxe5 32. Nd3 Rxb1 33. Qxb1 e4 34. Nf4
Be8 35. h4 Nxd5 36. Qd1 Bf7 37. Bf1 Qd6 38. Ng2 e3 39. fxe3 Qxg3 40. Qd4 b6 41.
Bc4 e5 42. Qd2 Qf3 43. Bb3 f4 44. exf4 Qxb3 0-1

[Event "XXXI Festival A"]
[Site "Arco ITA"]
[Date "2009.10.20"]
[Round "4"]
[White "De Santis, Alessio"]
[Black "Bonanzinga, Corrado"]
[Result "1-0"]
[WhiteElo "2309"]
[BlackElo "2136"]
[PlyCount "117"]
[EventDate "2009.10.17"]

1. d4 Nf6 2. c4 g6 3. Nc3 Bg7 4. e4 d6 5. f3 O-O 6. Bg5 c5 7. d5 h6 8. Be3 e6
9. Qd2 exd5 10. cxd5 Re8 11. Be2 h5 12. a4 Na6 13. Bg5 Nb4 14. h4 Qa5 15. Ra3
Bd7 16. Kf1 a6 17. Nh3 Qc7 18. Nf2 b5 19. g4 c4 20. Bxf6 Bxf6 21. gxh5 Nd3 22.
axb5 Nxf2 23. Kxf2 axb5 24. Rxa8 Rxa8 25. hxg6 b4 26. e5 Qc5+ 27. Kg2 bxc3 28.
Qh6 Bg7 29. Qh7+ Kf8 30. gxf7 Qe3 31. Re1 Qxe5 32. Qg8+ Ke7 33. f4 Qe4+ 34. Bf3
Qxe1 35. Qxg7 Bh3+ 36. Kxh3 Qf1+ 37. Bg2 Qd3+ 38. Kh2 Rf8 39. bxc3 Rxf7 40.
Qg5+ Kd7 41. Qg8 Re7 42. Bh3+ Kc7 43. Qc8+ Kb6 44. Qd8+ Rc7 45. Qxd6+ Kb7 46.
Qe5 Rh7 47. d6 Ka7 48. Qc5+ Kb8 49. Qb6+ Rb7 50. Qd8+ Ka7 51. Qa5+ Kb8 52. Qd8+
Ka7 53. Bg2 Qd2 54. Qa5+ Kb8 55. Qd8+ Ka7 56. Qa5+ Kb8 57. Qe5 Rb2 58. d7+ Ka7
59. Qa5+ 1-0

[Event "XXXI Festival A"]
[Site "Arco ITA"]
[Date "2009.10.20"]
[Round "4"]
[White "Del Nevo, Claudio"]
[Black "Cento, Claudio"]
[Result "1-0"]
[WhiteElo "1858"]
[BlackElo "1661"]
[PlyCount "139"]
[EventDate "2009.10.17"]

1. d4 Nf6 2. Nf3 g6 3. Bg5 Bg7 4. Bxf6 Bxf6 5. c3 d6 6. e3 Bf5 7. Bd3 Bxd3 8.
Qxd3 Nd7 9. Nbd2 c5 10. d5 a6 11. h4 h6 12. g4 b5 13. Ne4 Bg7 14. h5 g5 15. Rb1
Qa5 16. a3 c4 17. Qc2 Qc7 18. Rd1 Qb7 19. Ng3 Nc5 20. Nf5 Bf6 21. O-O O-O-O 22.
e4 Nd3 23. N5d4 e6 24. Nc6 Rde8 25. b3 exd5 26. exd5 Qd7 27. Nh2 Ne5 28. f3
cxb3 29. Qxb3 Nxc6 30. dxc6 Qxc6 31. Qxf7 Rhf8 32. Qg6 Qc5+ 33. Kh1 Be5 34.
Rfe1 Qf2 35. Rxe5 Rxe5 36. Qxd6 Re1+ 37. Rxe1 Qxe1+ 38. Kg2 Qe2+ 39. Kg1 Qe3+
40. Kg2 Qe2+ 41. Kg1 Qe3+ 42. Kg2 Rd8 43. Qxa6+ Kc7 44. Nf1 Qb6 45. Qxb6+ Kxb6
46. Ne3 Kc5 47. Nf5 Rh8 48. Kf2 Kc4 49. Nd6+ Kxc3 50. Nxb5+ Kb3 51. Nd4+ Kxa3
52. Ke3 Re8+ 53. Kd3 Kb4 54. Nf5 Re6 55. Kd4 Ka3 56. Kd5 Ra6 57. Ke5 Kb2 58.
Nxh6 Rxh6 59. Kf5 Kc3 60. Kxg5 Rh8 61. h6 Kd4 62. Kg6 Ke5 63. Kg7 Rb8 64. h7
Rb7+ 65. Kh6 Rb6+ 66. Kh5 Rb8 67. g5 Kf5 68. g6 Rb1 69. Kh6 Rb8 70. g7 1-0